| 000 | 00466nam a22001577a 4500 | ||
|---|---|---|---|
| 999 |
_c299176 _d299176 |
||
| 020 | _a81-7188-370-2 | ||
| 040 | _addc | ||
| 082 | _a338.10954 THI/ST | ||
| 100 |
_aG Thimmaiah _aK Rajan |
||
| 245 |
_aState of The Indian Farmer _b26 - Policy and Organisational Support |
||
| 260 |
_aNew Delhi _bAcademic Foundation _c2004 |
||
| 300 | _a147 | ||
| 546 | _aEnglish | ||
| 650 |
_aintroduction _apolicy on agrarian reforms _aagricultural price policy |
||
| 942 |
_cREF _2ddc |
||